Lịch sử văn minh thế giới

Sách cung cấp những kiến thức cơ bản về quá trình ra đời và phát triển của các nền văn minh tiêu biểu như nền văn minh thời cổ trung đại ở phương Đông (Ai Cập, Lưàng Hà, ấn Độ, Trung Hoa, Đông Nam á) và phương Tây (Hy Lạp, La Mã, các nươ...

Cur síos iomlán

Đã lưu trong:
Sonraí Bibleagrafaíochta
Príomhúdar: Vũ, Dương Ninh
Formáid: Leabhar
Teanga:Undetermined
Foilsithe: Hà Nội Giáo Dục 2000
Ábhair:
Clibeanna: Cuir Clib Leis
Gan Chlibeanna, Bí ar an gcéad duine leis an taifead seo a chlibeáil!
Thư viện lưu trữ: Trung tâm Học liệu Trường Đại học Cần Thơ
LEADER 01002nam a2200193Ia 4500
001 CTU_30705
008 210402s9999 xx 000 0 und d
082 |a 909 
082 |b N312 
100 |a Vũ, Dương Ninh 
245 0 |a Lịch sử văn minh thế giới 
245 0 |c Vũ Dương Ninh ( chủ biên ) 
260 |a Hà Nội 
260 |b Giáo Dục 
260 |c 2000 
520 |a Sách cung cấp những kiến thức cơ bản về quá trình ra đời và phát triển của các nền văn minh tiêu biểu như nền văn minh thời cổ trung đại ở phương Đông (Ai Cập, Lưàng Hà, ấn Độ, Trung Hoa, Đông Nam á) và phương Tây (Hy Lạp, La Mã, các nước Tây Âu) cùng nền văn minh công nghiệp thời cận hiện đại 
650 |a Civilization,World history 
904 |i Trọng Hải 
980 |a Trung tâm Học liệu Trường Đại học Cần Thơ